000 00493 a2200193 4500
001 105364
020 _a9789462441873
041 _apor
082 _aJK [E]
250 _a. ed.
697 _aChildren's literature.
700 _aBrincando com as cores - azul.
856 _u000009/0000096d.jpeg
040 _aBR-BrIDEA
_cBR-BrIDEA
090 _aJK [E]
_bBRI
245 1 0 _aBrincando com as cores
_bazul
_cBrincando com as cores - azul
260 _aSão Paulo
_bYoyo
_c2013
942 _cBK
999 _c105364
_d105364